| 000 | 01508cam a2200301 4500 | ||
|---|---|---|---|
| 008 | 090401t1998 xxu||||| |||| 00| 0 eng d | ||
| 020 | _a0854068961 | ||
| 035 | _a(Sirsi) u91822 | ||
| 041 | _aeng | ||
| 050 | _a526.9 | ||
| 110 | _aFederation International Des Geometres | ||
| 245 | _aXXI International Congress : developing the profession in a developing world (Brighton, 19-25 July 1998). Commission 1 & 11 : professional standards & practice including papers from the ad hoc commission on history of surveying. | ||
| 260 |
_aLondon _bFIG _c1998 |
||
| 300 | _avii,448p. : ill. ; 21cm. | ||
| 350 | _a0 | ||
| 520 | _aPapers include:- Ethics and sustainability: in search of a new paradigm for real estate professionals./ M. BENFIELD - Ethics for the global surveying community./ G.K. ALLRED - Continuing evolution of quality management./ G. SIMMONS - Insurance and the expectation gap: professional indemnity insurance for the Institution of Chartered Surveyors in the United Kingdom./ R.H. FLAXMAN - Forty years of EDM some personal reminiscences./ A.L. ALLAN - The line that divided a nation: the Mason & Dixon Line./ W.G. ROBILLARD & R.C. SHELTON. | ||
| 650 | _aCONFERENCES | ||
| 650 | _aCONTINUING PROFESSIONAL DEVELOPMENT | ||
| 650 | _aPROFESSIONAL ETHICS | ||
| 650 | _aPROFESSIONAL PRACTICE | ||
| 650 | _aPROFESSIONAL STANDARDS | ||
| 650 | _aQUALITY ASSURANCE | ||
| 650 | _aREGULATION | ||
| 650 | _aSURVEYORS | ||
| 690 | _aLAND SURVEYING | ||
| 942 | _n0 | ||
| 948 | _c05/03/1999 | ||
| 999 |
_c97671 _d97671 |
||